[Event "Wuerttemberg-ch Seniors 09th"]
[Site "Ellwangen"]
[Date "1997.??.??"]
[Round "1"]
[White "Karnbach, Hubert"]
[Black "Sternberg, Horst"]
[Result "1-0"]
[WhiteElo "1850"]
[BlackElo "1598"]
[PlyCount "83"]
[EventDate "1997.03.21"]
[EventType "swiss"]
[EventRounds "9"]
[EventCountry "GER"]
[SourceTitle "EXT 2006"]
[Source "ChessBase"]
[SourceDate "2005.11.24"]
[SourceVersion "1"]
[SourceVersionDate "2005.11.24"]
[SourceQuality "1"]

1. d4 d5 2. c4 dxc4 3. Nc3 e6 4. e4 Nf6 5. Bxc4 Bb4 6. f3 0-0 7. Nge2 c6 8. Bg5 h6 9. Bh4 Be7 10. 0-0 b5 11. Bd3 Qc7 12. Bg3 Qd8 13. Bf2 a5 14. Rc1 Ba6 15. Bb1 Nh7 16. Qc2 g6 17. Be3 Bg5 18. f4 Be7 19. e5 Kg7 20. Rf3 h5 21. Ng3 Rh8 22. Rcf1 b4 23. Nce2 Nf8 24. Ne4 f5 25. exf6+ Bxf6 26. Rd1 Bb5 27. Ng5 Qd5 28. h4 a4 29. Nc1 Na6 30. b3 axb3 31. axb3 Qf5 32. Qb2 Qd5 33. Qf2 Rd8 34. Bc2 Nc7 35. Qg3 Qd7 36. Ne4 Nd5 37. Nxf6 Nxf6 38. Kh1 Ng4 39. Bg1 Qe7 40. Nd3 Nd7 41. Ne5 Ndxe5 42. fxe5 1-0

[Event "Crailsheim op 1st"]
[Site "Crailsheim"]
[Date "1995.??.??"]
[Round "?"]
[White "Szenetra, Werner"]
[Black "Sternberg, Horst"]
[Result "1-0"]
[WhiteElo "2280"]
[BlackElo "1665"]
[PlyCount "65"]
[EventDate "1995.??.??"]
[EventType "swiss"]
[EventRounds "7"]
[EventCountry "GER"]
[SourceTitle "EXT 1999"]
[Source "ChessBase"]
[SourceDate "1998.11.16"]
[SourceVersion "1"]
[SourceVersionDate "1998.11.16"]
[SourceQuality "1"]

1. e4 e5 2. Nf3 Nc6 3. d3 d5 4. Qe2 d4 5. g3 Nf6 6. Bg2 Bg4 7. h3 Be6 8. 0-0 h6 9. Kh2 Bd6 10. c3 dxc3 11. bxc3 Nd7 12. d4 exd4 13. cxd4 Qe7 14. Re1 Nxd4 15. Nxd4 Be5 16. Nxe6 Qxe6 17. Bb2 0-0 18. Bxe5 Qxe5 19. Nd2 c5 20. f4 Qc7 21. e5 Rad8 22. Rad1 a6 23. Ne4 c4 24. Rd6 a5 25. Red1 b5 26. Rxd7 Rxd7 27. Nf6+ gxf6 28. Qg4+ Kh7 29. Rxd7 Qxd7 30. Qxd7 b4 31. Be4+ Kg7 32. Qg4+ Kh8 33. Qf5 1-0